The Human Rights Act (Record no. 64955)

MARC details
000 -LEADER
fixed length control field 01305cam a2200289 4500
001 - CONTROL NUMBER
control field ABS62937
008 - FIXED-LENGTH DATA ELEMENTS--GENERAL INFORMATION
fixed length control field 000000n2000 000 0 eng u
035 ## - SYSTEM CONTROL NUMBER
System control number (Sirsi) u108799
100 ## - MAIN ENTRY--PERSONAL NAME
Personal name Thornton, A.
245 #4 - TITLE STATEMENT
Title The Human Rights Act
260 ## - PUBLICATION, DISTRIBUTION, ETC.
Date of publication, distribution, etc. 2000
490 ## - SERIES STATEMENT
Series statement Building
Volume/sequential designation 265(8154) 22 September 2000, 58-63(6)
520 ## - SUMMARY, ETC.
Summary, etc. Assesses the implications of the Human Rights Act for the construction industry: provides an overview of what the new rules will mean for construction disputes and procedures; considers whether carrying out a human rights audit will become a standard part of the planning procedure; contends that any hint of coercion in an ADR procedure will give rise to a human rights defence; looks at the effect on PFI, suggesting there may be increased risks for prison and hospital work.
590 ## - LOCAL NOTE (RLIN)
Local note ABS
650 ## - SUBJECT ADDED ENTRY--TOPICAL TERM
Topical term or geographic name entry element HUMAN RIGHTS ACT 1998
650 ## - SUBJECT ADDED ENTRY--TOPICAL TERM
Topical term or geographic name entry element MANAGEMENT-DISPUTE AVOIDANCE, MANAGEMENT AND RESOLUTION-DISPUTE MANAGEMENT AND RESOLUTION-ALTERNATIVE DISPUTE RESOLUTION-ADJUDICATION
650 ## - SUBJECT ADDED ENTRY--TOPICAL TERM
Topical term or geographic name entry element LITIGATION
650 ## - SUBJECT ADDED ENTRY--TOPICAL TERM
Topical term or geographic name entry element PFI
650 ## - SUBJECT ADDED ENTRY--TOPICAL TERM
Topical term or geographic name entry element ALTERNATIVE DISPUTE RESOLUTION
650 ## - SUBJECT ADDED ENTRY--TOPICAL TERM
Topical term or geographic name entry element PLANNING SYSTEM
690 ## - LOCAL SUBJECT ADDED ENTRY--TOPICAL TERM (OCLC, RLIN)
Topical term or geographic name as entry element BUILT ENVIRONMENT
700 ## - ADDED ENTRY--PERSONAL NAME
Personal name Helps, D.
700 ## - ADDED ENTRY--PERSONAL NAME
Personal name Trehearne, I.
700 ## - ADDED ENTRY--PERSONAL NAME
Personal name Furmston, M.
700 ## - ADDED ENTRY--PERSONAL NAME
Personal name Hickman, D.
942 ## - ADDED ENTRY ELEMENTS (KOHA)
Suppress in OPAC 0
Holdings
Withdrawn status Lost status Source of classification or shelving scheme Damaged status Not for loan Home library Current library Shelving location Date acquired Total Checkouts Full call number Barcode Date last seen Copy number Price effective from Koha item type
    Dewey Decimal Classification     London London Journal article 16/10/2000   ABS62937 108799-1001 06/08/2019 1 06/08/2019 Journal article